000 01547nam a2200325 a 4500
001 3553870
003 OSt
005 20210317113356.0
008 970909s1994 ck b 000 0 spa d
010 _a 97192416
020 _a958638103X
035 _a(OCoLC)34498375
040 _aCU-S
_cCO-JMCR
_dDLC
041 0 _aspa
082 0 4 _223
_a338.09861 /
_bT686c
100 1 _aToro Botero, Constanza,
_eautora
_936209
245 1 0 _aCia. Colombiana de Tabaco S.A. :
_bsetenta y cinco años de progreso y servicio /
_cinvestigadora principal, Constanza Toro B. ; textos, Constanza Toro, Jesús Gaviria
246 1 8 _aSetenta y cinco años de progreso y servicio
246 3 _aCompañia Colombiana de Tabaco S.A.
260 _aMedellín :
_bFundación Antioqueña para los Estudios FAES,
_c1994.
300 _a93 páginas :
_bilustraciones y fotografías a color ;
_c33 cm.
504 _aBibliografía : páginas 89-93.
505 0 _aCreación, organización y consolidación de la compañía colombiana de tabaco S.A. -- Ampliación y proyecto -- Nuevos retos proceso de diversificación --- Frentes de actividad de la compañía -- La publicidad una empresa pionera -- la competencia -- La compañia colombiana de tabaco S.A. frente al progreso del país
610 2 0 _aCompañía Colombiana de Tabaco.
_936210
650 1 4 _aIndustria tabacalera
_zColombia.
_936211
650 2 4 _aCompañía Colombiana de Tabaco
_936212
650 2 4 _aPublicidad: cigarrillos
_936213
700 1 _aGaviria, Jesús,
_ecoautor
_936214
942 _2ddc
_cBK
999 _c15407
_d15407